000 00610nam a22001337a 4500
040 _cRUA
082 _aFOR CHE 2009 B138 Or.1
100 _aCHEY, DINA.
245 _aEffectiveness of chainsaw management in koh kong forestry administration cantonment, ប្រសិទ្ធភាពនៃការគ្រប់គ្រងរណារយន្ត​ នៅខណ្ឌរដបាលព្រៃឈើកោះកុង
260 _aPhnom Penh
_bRUA
_c2009
300 _axi; 53p.
_bill.
_c29cm.
856 _uhttps://drive.google.com/file/d/1QLrbuRwXNkyXCcqdaWnPkFlYLkpI3Psh/view?usp=sharing
942 _cFOR
999 _c3407
_d3407